| 000 | 01204 a2200193 4500 | ||
|---|---|---|---|
| 003 | Nust | ||
| 005 | 20230216114210.0 | ||
| 020 | _a3540645187 | ||
| 040 | _cNust | ||
| 082 | _a005.82,NYB | ||
| 100 |
_aNyberg, Kaisa _9109135 |
||
| 245 |
_aAdvances in cryptology - EUROCRYPT' 98 / _cKaisa Nyberg |
||
| 250 | _aLecture notes in computer sicence 1403 | ||
| 260 |
_aSpring _bTokyo _c1998 |
||
| 300 |
_ax, 606 p _billus |
||
| 505 | _aDistributed Cryptography and Applications (Page-1), Complexity Theory Reduction and Lower Bounds (Page-47), Cryptanalysis of Block Ciphers (Page-85), Distributed Cryptography Application (Page-127), Computational Algorithms (Page-158), Improving Computational Efficiency (Page-201), Paradigms for Symmetric Systems (Page-251), Public Key Cryptosystems (Page-294), Complexity Theory One Way Functions (Page-319), Multi Party Computations (Page-346), Digital Signatures (Page-391), Untraceabibility in Multi Party Schemes (Page-437), Boolean Function (Page-462), Combinatatorial Design and Analysis of Distributed Schemes Cryptanalysis of Elliptic Curve Systems (Page-542), Elecstronic Commerce and Payments (Page-561). | ||
| 650 |
_aCryptology _9100974 |
||
| 942 |
_2ddc _cBK |
||
| 999 |
_c188736 _d188736 |
||